000 00518nam a2200181Ia 4500
008 090124s9999 xx 000 0 und d
082 _b111650
100 _aखरे सुरेश.
245 _a सागर माझा प्राण
250 _a1
260 _c1967
300 _a84
600 _aखरे सुरेश.
630 _a सागर माझा प्राण
700 _aखरे सुरेश.
730 _a सागर माझा प्राण
942 _cBOOK
999 _c157741
_d157741